Memorial Day Attendees Quiz Stats

Quiz not verified by Sporcle

Challenge
Share
Tweet
Embed
Score 0/71 Timer 10:00
0 Plays Today
Number Attended Name % Correct
4Lauren Stokes
100%
4John Soroka
100%
1Jon Auman
100%
1Michele Auman
100%
15Mike Zecca
92.5%
11Scott Boutcher
92.5%
14Matt Jurkiewicz
92.5%
13Brian Lucas
90.6%
4Erica (Graves) Soroka
88.9%
4.5Hailynne Price
88.9%
14Adam Price
88.7%
13Scott Mills
86.8%
11Caitlin Fritz
86.8%
7Bridget McLaughlin
85.7%
12Joe Soroka
84.9%
2Carly Price
84.9%
7Tim Coyle
83%
13Tim Fagan
83%
12Laura Schmuckler
83%
5Matthew Magee
83%
4Laura (Arrighy) Stapf
83%
4Jim Morrison
81.1%
8Kevin Stapf
79.2%
3Mike Peluso
79.2%
9Stephani Williams
79.2%
1Michelle Jurkiewicz
77.8%
6Brian Martell
75.5%
9Jim Begley
71.7%
4Jenny (Blair) Morrison
69.8%
3Dan Pawlikowski
69.8%
2Tracy (Weinger) Coyle
69.8%
3Tony Alessi
67.9%
1Matthew Stackhouse
67.9%
2Wendy Cheatham
66.7%
1Jaclyn Jeffries
66.7%
1Chris Cannon
66.7%
Number Attended Name % Correct
6Jaimie (Clark) Boutcher
66%
2Mike Iskoe
66%
1Monica (Storm) Martell
66%
3George Troxell
64.2%
1Jamie Trindle
64.2%
2John Harper
64.2%
5Katy (Temple) Price
63.6%
3Samantha Lampreich
62.3%
1Christine Kauffman
59.1%
2Ryan Brown
58.5%
1Rick Poll
58.5%
1Julie Moyer
58.5%
1Nicole Gordon
55.6%
2Jen Connor
54.7%
1Tom Coleman
52.8%
2Jess Shissler
49.1%
1Shannon Begley
44.4%
1Julie Sands
44.4%
1Amber Sbarra
43.4%
2Janine (Jackson) Fowler
41.5%
1Andrew Dressnandt
41.5%
1Kyle MacCleod
39.6%
3Jenny Beam
37.7%
2Tara (Gilrain) Pawlikowski
37.7%
2Steve Lewis
37.7%
1Diane (Summers) Stackhouse
35.8%
2Alissa Strauss
34%
1Dante Cuticchia
31.8%
1Dezarae Kirk
31.8%
2Himal Patel
30.2%
1Kathryn Kosich
28.3%
1Joelle Turner
24.5%
1Hillary Porter
22.6%
1Alan Fox
11.3%
1Shaila Sabella
11.1%

You're not logged in!

Compare scores with friends on all Sporcle quizzes.
Join for Free
OR
Log In

You Might Also Like...

Show Comments

Extras

Top Quizzes Today


Score Distribution

Your Account Isn't Verified!

In order to create a playlist on Sporcle, you need to verify the email address you used during registration. Go to your Sporcle Settings to finish the process.

Report this User

Report this user for behavior that violates our Community Guidelines.

Details: